El redescubrimiento de la infancia en las ciencias sociales actuales [ (Record no. 4207)
[ view plain ]
| 000 -LEADER | |
|---|---|
| campo de control de longitud fija | 00974nkm a2200229 i 4500 |
| 001 - NÚMERO DE CONTROL | |
| campo de control | 4207 |
| 003 - IDENTIFICADOR DE NÚMERO DE CONTROL | |
| campo de control | ES-MaACL |
| 007 - CAMPO FIJO DE DESCRIPCIÓN FÍSICA--INFORMACIÓN GENERAL | |
| campo de control de longitud fija | khrbo |
| 008 - DATOS DE LONGITUD FIJA--INFORMACIÓN GENERAL | |
| campo de control de longitud fija | 070703s1988 sp --- g |001||spa d |
| 100 0# - ENTRADA PRINCIPAL--NOMBRE DE PERSONA | |
| Nombre de persona | Alfonso, |
| Fechas asociadas al nombre | 1902-1990 |
| 9 (RLIN) | 19858 |
| 245 13 - MENCIÓN DEL TÍTULO | |
| Título | El redescubrimiento de la infancia en las ciencias sociales actuales [ |
| Medio | Fotografía] / |
| Mención de responsabilidad, etc. | Alfonso (sello). |
| 260 ## - PUBLICACIÓN, DISTRIBUCIÓN, ETC. | |
| Lugar de publicación, distribución, etc. | [S.l. : |
| Nombre del editor, distribuidor, etc. | s.n.], |
| Fecha de publicación, distribución, etc. | 1988. |
| 300 ## - DESCRIPCIÓN FÍSICA | |
| Extensión | 2 fot. : |
| Otras características físicas | b. y n. ; |
| Dimensiones | 12 x 18 cm. |
| 500 ## - NOTA GENERAL | |
| Nota general | Datos basados en invitación. |
| 511 0# - NOTA DE PARTICIPANTES O INTÉRPRETES | |
| Nota de participantes o intérpretes | Interviene: José Luis Pedreira Massa. |
| 518 ## - NOTA DE FECHA/HORA Y LUGAR DE UN ACONTECIMIENTO | |
| Nota de fecha/hora y lugar de un acontecimiento | Acto organizado por el Ateneo de Madrid, celebrado en la sala de conferencias el viernes, 5 de febrero de 1988, a las 20:00 h. |
| 600 14 - PUNTO DE ACCESO ADICIONAL DE MATERIA--NOMBRE DE PERSONA | |
| Nombre de persona | Pedreira Massa, José Luis, |
| Fechas asociadas al nombre | 1951- |
| 9 (RLIN) | 234995 |
| 610 24 - PUNTO DE ACCESO ADICIONAL DE MATERIA--NOMBRE DE ENTIDAD CORPORATIVA | |
| Nombre de entidad corporativa o nombre de jurisdicción como elemento de entrada | Ateneo de Madrid- |
| Subdivisión general | Actos culturales- |
| Subdivisión cronológica | 1988- |
| Subdivisión de forma | Fotografías. |
| 9 (RLIN) | 1903 |
| 852 ## - LOCALIZACIÓN | |
| Ubicación | ES-MaACL |
| Número de control de estantería | FOT 21/1988 |
| 856 4# - LOCALIZACIÓN Y ACCESO ELECTRÓNICOS | |
| Identificador Uniforme de Recursos | <a href="http://www.ateneodemadrid.net/biblioteca_digital/imagenes/1988/0021-1988.jpg">http://www.ateneodemadrid.net/biblioteca_digital/imagenes/1988/0021-1988.jpg</a> |
| Nota pública | Ver imagen |
| Estatus retirado | Estado de pérdida | Estado de daño | No para préstamo | Colección | Biblioteca de origen | Biblioteca actual | Ubicación en estantería | Fecha de adquisición | Fuente de adquisición | Total de préstamos | Signatura topográfica completa | Código de barras | Visto por última vez | Precio de reemplazo | Tipo de ítem Koha |
|---|---|---|---|---|---|---|---|---|---|---|---|---|---|---|---|
| Colección digital | Biblioteca del Ateneo de Madrid | Biblioteca del Ateneo de Madrid | Depósito Z | 17/01/2008 | FOT 21/1988 | 1004270 | 23/02/2023 | 23/02/2023 | Fotografía |
